| 000 | 00749cam a22002413a 4500 | ||
|---|---|---|---|
| 001 | 20711 | ||
| 003 | PGUSA | ||
| 005 | 20140828083436.0 | ||
| 008 | 070228s2007||||xxu|||||s|||||000 | eng d | ||
| 040 |
_aPGUSA _beng |
||
| 042 | _adc | ||
| 050 | 4 | _aBV | |
| 100 | 1 |
_aKingsley, Charles, _d1819-1875 |
|
| 245 | 1 | 0 |
_aDaily Thoughts : _bselected from the writings of Charles Kingsley by his wife _h[electronic resource] / _cCharles Kingsley |
| 260 |
_bProject Gutenberg, _c2007 |
||
| 506 | _aPublic domain in the USA. | ||
| 516 | _aElectronic text | ||
| 653 | _aDevotional exercises | ||
| 700 | 1 |
_aKingsley, Frances Eliza Grenfell, _d1814-1891 |
|
| 830 | 0 |
_aProject Gutenberg _v20711 |
|
| 856 | 4 | 0 | _uhttp://www.gutenberg.org/ebooks/20711 |
| 942 | _cEB | ||
| 999 |
_c249966 _d249966 |
||